000 01325cam a22002771i 4500
003 OSt
005 20241128121503.0
008 241127s2014 su g f00010 ara c
020 _a9789960038636
040 _aSA-JeALM
_bara
_cSA-RiAUC
_erda
082 0 4 _a251.6
_qSA-RiAUC
090 _a251.6
_bص ا ع
100 1 _aالصاعدي، حمد بن حمدي بن سالم،
_d1368 هجري-
_eمؤلف.
245 1 0 _aقاعدة الترك فعل :
_bومايتعلق بها من المسائل الأصولية وتطبيقاتها الفرعية أو التعدي على السبب هل هو كالتعدي على المسبب /
_cتأليف حمد بن حمدي الصاعدي.
250 _aالطبعة الثانية :
264 1 _aمكة المكرمة :
_bجامعة أم القرى، معهد البحوث العلمية، مركز بحوث الدراسات الإسلامية،
_c2013
300 _a118 صفحة ؛
_c24 سم.
336 _aنص
_btxt
_2rdacontent
_3كتاب
337 _aبدون وسيط
_bn
_2rdamedia
338 _aمجلد
_bnc
_2rdacarrier
490 0 _aسلسلة بحوث الدراسات الإسلامية
650 7 _aالقواعد الفقهية
_2aucsh
650 7 _aأصول الفقه الإسلامي
_2aucsh
942 _2ddc
_cBOOK
_n0
949 _aSA-JeALM
_d241127
_uosman123
_n1
999 _c2840
_d2840